[Event "Belt and Road Women-ch 2020"]
[Site "Xi'an"]
[Date "2020.12.05"]
[Round "9.5"]
[White "Tan, Zhongyi"]
[Black "Lei, Tingjie"]
[Result "1-0"]
[WhiteElo "2510"]
[BlackElo "2505"]
[Annotator "TA"]
[PlyCount "77"]
[EventDate "2020.12.03"]
[EventCountry "CHN"]
[SourceTitle "playchess.com"]
[Source "ChessBase"]
[SourceQuality "1"]

{[%evp 9,77,0,16,19,15,8,8,8,34,34,42,8,13,14,25,34,34,17,24,0,14,0,63,45,52,0,16,0,4,0,0,0,0,-33,87,0,0,0,0,-361,-350,-343,-344,-534,-537,-506,-512,-481,-438,-409,-415,-511,-508,-499,-499,-820,-817,-785,-753,-1997,-1841,-29967,-1080,-787,-313,-268,29991,29992,29992,29993]} 1. d4 d5 2. Bf4 Nf6 3. e3 c5 4. Nf3 Nc6 5. Nbd2 cxd4 6. exd4 {D02: 1 d4 d5 2 Nf3 sidelines, including 2...Nf6 3 g3 and 2...Nf6 3 Bf4.} Qb6 7. Nb3 Bf5 8. a4 {The position is equal.} a5 {[#]} 9. Bb5 $146 ({Predecessor:} 9. Bd3 Bxd3 10. Qxd3 Nb4 11. Qd1 e6 12. O-O Be7 13. c3 Nc6 14. Rb1 O-O 15. Nbd2 {½-½ (43) Soloviova,L (2049)-Gordiyenko,A Lvov 2003}) 9... e6 10. O-O Be7 11. Ne5 {White wants to play g4.} O-O 12. Bxc6 bxc6 13. g4 $1 {[%cal Rg4f5]} Bg6 14. h4 {h5 is the strong threat.} h6 15. Qe2 Qb7 ({Black should try} 15... Be4 $11) 16. Nxg6 $14 fxg6 17. Qxe6+ Kh7 18. Be5 Rae8 {Hoping for ...Bb4.} 19. g5 Nh5 20. Qg4 ({Much less strong is} 20. Nxa5 $6 Qxb2 21. Qxc6 (21. Nxc6 Bxg5 22. Qxd5 Bf4 $14) 21... Qb4 $14) 20... c5 21. f4 c4 (21... Rf5 $15 {keeps the upper hand.}) 22. Nc5 (22. Nxa5 $16 Qxb2 23. Nc6) 22... Qxb2 {And now ...Rxf4! would win.} 23. Ne6 {Black must now prevent gxh6.} Rf5 {Strongly threatening ...Bd6!} 24. Qg2 $2 {[%mdl 8192]} (24. Nc7 $11 {and White stays safe.} Rd8 25. Ne6) 24... Bb4 $19 25. Rab1 Qa3 26. Nc7 {[#]} (26. Nxg7 {is a better defense.} Nxg7 27. Rf2) 26... Rexe5 $1 {[%mdl 512]} 27. fxe5 {Threatens to win with Rxf5.} (27. dxe5 Nxf4) 27... Qe3+ {[%mdl 64] Double Attack} 28. Kh2 Rxf1 29. Rxf1 {aiming for Ne6.} Qxd4 30. Nxd5 Qxe5+ ({Inferior is} 30... Be1 31. Nf6+ gxf6 32. Qb7+ Kh8 33. Qb8+ Kh7 34. Qc7+ Kg8 35. Qb8+ Kh7 36. Qc7+ Kg8 37. Qb8+ Kh7 $11) 31. Kh3 Qe6+ (31... Bd6 $2 32. Qf3 $19) 32. Kh2 (32. Qg4 $142 Qxd5 33. gxh6) 32... Bd6+ 33. Kg1 Qe5 34. Rf7 Bc5+ 35. Kh1 Ng3+ (35... Qe1+ $142 36. Kh2 Bd6+ 37. Kh3 Qe6+ {[%mdl 64] Double Attack} 38. Qg4 Qxf7 39. Nf6+ gxf6 40. Qf3 hxg5 41. Kg2 gxh4 42. Kf1 Qd7 43. Kg1 Bc5+ 44. Kh1 Qd2 45. c3 Ng3+ 46. Qxg3 Qd1+ {[%mdl 64] Double Attack} 47. Kh2 hxg3+ 48. Kxg3 Qd2 49. Kg4 Qxc3 50. Kh4 Bf2+ 51. Kg4 Qg3#) 36. Kh2 Nf5+ $2 (36... Ne2+ 37. Kh3 Qe6+ {[%mdl 64] Double Attack} 38. Qg4 Qxf7 39. Qxe2 Qxd5 40. gxh6 Qh1+ 41. Kg3 Bd6+ 42. Kf2 Qxh4+ {[%mdl 64] Double Attack} 43. Kf1 gxh6) 37. Kh3 {Intending Nf6+ and mate.} Qd4 $4 {[%mdl 8192] [#]} (37... Kh8 $19 38. Qf3 Bd6) 38. Nf6+ Qxf6 39. gxf6 {Never resign too early!  Weighted Error Value: White=0.76/Black=0.56} 1-0